书目信息 |
| 题名: |
世界旅游经济地理
|
|
| 作者: | 孙玉琴 主编 ;9908 | |
| 分册: | ||
| 出版信息: | 广州 华南理工大学出版社 |
|
| 页数: | 375页 | |
| 开本: | 32开 | |
| 丛书名: | ||
| 单 册: | ||
| 中图分类: | K919 | |
| 科图分类: | ||
| 主题词: | 地理--世界 | |
| 电子资源: | ||
| ISBN: | 7-5623-0761-X | |
| 000 | 00584nam0 2200205 45 | |
| 001 | 0007201081 | |
| 005 | 20000720102014.3 | |
| 010 | @a7-5623-0761-X@d18.00元 | |
| 100 | @a20000720d km y0chiy0120 ea | |
| 101 | 0 | @achi |
| 105 | @a z 000yy | |
| 200 | 1 | @a世界旅游经济地理@AShi Jie Lu You Jing Ji Di Li@f孙玉琴等主编@FSun Yu Qin Deng Zhu Bian@g9908 |
| 210 | @a广州@c华南理工大学出版社 | |
| 215 | @a375页@d32开 | |
| 606 | 0 | @a地理@x世界 |
| 690 | @aK919@v3 | |
| 701 | 0 | @a孙玉琴@4主编 |
| 702 | 0 | @a9908@A9908 |
| 801 | @aCN@bPftUser@c20000720 | |
| 905 | @b71729-733@dK919@eS695@f5 | |
| 世界旅游经济地理/孙玉琴等主编/9908.-广州:华南理工大学出版社 |
| 375页;32开 |
| ISBN 7-5623-0761-X:18.00元 |
| ● |
| 相关链接 |
|
|
|
正题名:世界旅游经济地理
索取号:K919/S695
 
预约/预借
| 序号 | 登录号 | 条形码 | 馆藏地/架位号 | 状态 | 备注 |
| 1 | 71729 | 200717297 | 社科库309/422社科库 39排2列4层/ [索取号:K919/S695] | 在馆 | |
| 2 | 71730 | 200717304 | 社科库309/422社科库 39排2列4层/ [索取号:K919/S695] | 在馆 | |
| 3 | 71731 | 200717313 | 社科库309/309社科库 13排1列6层/ [索取号:K919/S695] | 在馆 | |
| 4 | 71732 | 200717322 | 社科库309/309社科库 13排1列6层/ [索取号:K919/S695] | 在馆 | |
| 5 | 71733 | 200717331 | 社科库309/309社科库 13排1列6层/ [索取号:K919/S695] | 在馆 |